00921nam a22002297a 450000500170000001000150001702000270003203500140005903700090007308200160008210000250009824501150012326000400023827000840027830000200036270000360038270000330041870000330045194200300048499900190051495201580053320250107144220.0 aENG-143209 a9789388398312c1000.00 aEN-126741 bDBAD a333.7940954 aP. Muthukumar976012 aEnergy and Environment:bProblems and Prospects/cEdited by Lekshmi Devi U R;Ganga R Menon [and] Anishkumar PT aMaduraibShanlax Publicationsc2022 a61, T.P.K., Main Road, Vasantha NagarbMadurai e625003mshanlax_1990@yahoo.com a130p.c24cm(pb) aLekshmi Devi U ReEditor976013 aGanga R MenoneEditor976014 aAnishkumar PTeEditor976015 2ddccENh333.7940954mENE c208152d208152 001040708NFICaMPbMPd2025-01-07eDelivery of Books Divisiong1000.00l0o333.7940954 ENEpEN-126741r2025-01-07 00:00:00t1v1000.00w2025-01-07yEN